000 00442nam a2200181Ia 4500
005 20250423100746.0
008 250422s9999 xx 000 0 und d
020 _a9789350142899
050 _aTF 145 .U63/
100 _aUpadhyay, A K.
245 0 _aRailways, bridges and tunnels
260 _aNew delhi
260 _bS.K. kataria & sons
260 _c2015
300 _a272 p
650 _aRailroads--Pictorial works.
942 _cBK
999 _c34256
_d34256